000 00543 a2200169 4500
999 _c5084
_d5084
020 _a9780393975727
050 0 0 _aMT 70 ADL 2002
100 1 _aAdler, Samuel
_eauthor
245 1 4 _aThe study of orchestration /
_cSamuel Adler
250 _a3rd ed.
264 _aNew York:
_bNorton and Company,
_c2002
300 _a839 p. :
_bill. ;
500 _aIncludes bibliographical references and index
504 _aIncludes bibliographical references and index
650 0 _aInstrumentation and orchestration.
942 _2lcc
_cBK
_e3rd ed.
_h70
_iADL
_kMT